| 000 | nam a22 a 4500 | ||
|---|---|---|---|
| 999 |
_c451747 _d451747 |
||
| 003 | BLK | ||
| 005 | 20220401095023.0 | ||
| 008 | 220401b bul|||||r ||||||| ||bul|| | ||
| 040 | _aBLK | ||
| 041 |
_aBUL _cBUL |
||
| 080 |
_aРуска литература _b821.161.1 _x-31 _z821.161.1-31 |
||
| 100 | 1 |
_aРекемчук, Александър Евсеевич _eпърви автор _9115853 |
|
| 139 |
_aРекемчук, Александър Евсеевич _bР 49 |
||
| 245 | 1 | 0 |
_aКрехка възраст _bРоман [за юноши] _cАлександър Евсеевич Рекемчук ; прев. от рус. Иванка Васева _kРекемчук, Александър Евсеевич, 1927- Заглавие : Роман / Александър Рекемчук ; Прев. от рус. Иванка Васева ; Худож. Костадинка Измирлиева Вид на материала книга Език български Година на публикуване 1982 Издателство и производство София : Нар. младеж, 1982 Физическо описание ; 20 см Други автори - име на лице Измирлиева, Костадинка ISBN 1,51 лв Забележки 30 125 тир УДК ДС-31 |
| 260 |
_aСофия _bНар. младеж _c1982 _f(Враца : В. Александров) |
||
| 300 |
_a459 с. _bс ил. _c20 см |
||
| 380 | _aX | ||
| 490 | 1 | _aБиблиотека Аврора | |
| 490 | 1 | _aСъветски писатели за деца и юноши | |
| 500 | _aОриг. загл. Нежный возраст | ||
| 653 | _aповести | ||
| 700 |
_aВасева, Иванка Стоянова _eпрев. от рус. _9367456 |
||
| 852 |
_aЦб 115178 _bЦб |
||
| 942 |
_cKNG _n0 _s1 |
||
| 944 |
_aCR _c2022-04-01 _kГГГ |
||